| 000 | 00381nam a2200133Ia 4500 | ||
|---|---|---|---|
| 008 | 220217s9999||||xx |||||||||||||| ||und|| | ||
| 020 | _a81-7656-268-8 | ||
| 082 | _a004.62 GRO | ||
| 100 |
_aGroth, David Mcbee, Jim _93511 |
||
| 245 | 0 | _aGabling: the complete guide to networking | |
| 260 |
_aBPB publications _bNew Delhi _c2000 |
||
| 300 | _b450 | ||
| 650 | _aCOMPUTER NETWORK | ||
| 999 |
_c172087 _d172087 |
||